|
|
|
|
| LEADER |
00000nam0a2200000 4500 |
| 001 |
137881 |
| 005 |
20231031141220.0 |
| 010 |
|
|
|a 5080018933
|
| 020 |
|
|
|a RU
|b 88-74598
|
| 035 |
|
|
|a (RuTPU)RU\TPU\book\149415
|
| 090 |
|
|
|a 137881
|
| 100 |
|
|
|a 20080516d1988 e y0rusy5003 ca
|
| 101 |
0 |
|
|a rus
|
| 102 |
|
|
|a RU
|
| 105 |
|
|
|a a z 000ay
|
| 200 |
1 |
|
|a Черные сухари
|e рассказы : [для старшего школьного возраста]
|f Е. Я. Драбкина
|g худож. А. А. Лурье
|
| 210 |
|
|
|a Москва
|c Детская литература
|d 1988
|
| 215 |
|
|
|a 318,[1] с.
|c ил.
|d 21 см
|
| 225 |
1 |
|
|a Историко-революционная библиотека
|e ИРБ
|
| 327 |
1 |
|
|a Содерж.: Разделы: Есть такая партия!; Котелок; Москва, 1918; Черные сухари; Золотая осень
|
| 610 |
1 |
|
|a коммунисты
|
| 610 |
1 |
|
|a детская литература
|
| 610 |
1 |
|
|a рассказы
|
| 675 |
|
|
|a Р2
|z rus
|v 3
|
| 700 |
|
1 |
|a Драбкина
|b Е. Я.
|g Елизавета Яковлевна
|4 070
|
| 702 |
|
1 |
|a Лурье
|b А. А.
|4 440
|
| 801 |
|
0 |
|a RU
|b RuMRKP
|c 19950417
|g psbo
|
| 801 |
|
1 |
|a RU
|b 63413507
|c 20080516
|g PSBO
|
| 801 |
|
2 |
|a RU
|b 63413507
|c 20081029
|g PSBO
|
| 942 |
|
|
|c BK
|